000 01182nam a2200241 i 4500
001 129763
003 ES-MaACL
005 20230906193553.0
007 t|
008 070705s1915 xxk ||||1| eng d
245 0 4 _aThe war and democracy /
_cby R.W. Seton-Watson, J. Dover Wilson, Alfred E. Zimmern and Arthur Greenwood.
260 _aLondon :
_bMacmillan and Co.,
_c1915.
300 _aXIV, 390 p. ;
_c18 cm.
505 0 _aIntroductory, by A.E. Zimmern . The national idea in Europe, 1789-1914, by J.D. Wilson . Germany, by A. E. Zimmern . Austria-Hungary and the southern Slavs, by R.W. Seton-Watson . Russia, by J.D. Wilson . Foreign policy; The issues of the war, by R.W. Seton-Watson . Social and economic aspects of the war, by A. Greenwood . German culture and the British Commonwealth, by A.E. Zimmern.
650 1 4 _aGuerra mundial, 1914-1918.
_913212
650 0 4 _aNacionalismo-
_zEuropa.
_915452
651 4 _aEuropa-
_xHistoria-
_y1871-1918.
_98607
700 1 _aSeton-Watson, Robert William.
_9105903
700 1 _aWilson, John Dover.
_9117036
700 1 _aZimmern, Alfred Eckhard.
_9118281
700 1 _aGreenwood, Arthur.
_959872
852 _aES-MaACL
_jD-2348
999 _c129763
_d129763